2012 Horror/Thriller Movie Taglines Quiz Stats

 Plays Quiz not verified by Sporcle

Challenge
Share
Tweet
Embed
Score 0/19 Timer 09:00
0 Plays Today
% Correct
Abraham Lincoln Vampire Hunter
92.4%
Silent Hill Revelation 3D
89.2%
Paranormal Activity 4
87.1%
Piranha 3DD
83.3%
House at the End of the Street
74.2%
Silent House
74%
Sinister
59.1%
The Raven
55.9%
Chernobyl Diaries
55.2%
Dark Shadows
51.5%
% Correct
The Possession
42.9%
The Devil Inside
41.6%
The Bourne Legacy
40.4%
The Apparition
38.9%
The Cabin in the Woods
38%
Underworld Awakening
37.7%
Gone
32.1%
The Women in Black
27.2%
The Divide
26.9%

You're not logged in!

Compare scores with friends on all Sporcle quizzes.
Join for Free
OR
Log In

You Might Also Like...

Show Comments

Extras

Top Quizzes Today


Score Distribution

Your Account Isn't Verified!

In order to create a playlist on Sporcle, you need to verify the email address you used during registration. Go to your Sporcle Settings to finish the process.

Report this User

Report this user for behavior that violates our Community Guidelines.

Details: